| 000 | 00485nam a2200193Ia 4500 | ||
|---|---|---|---|
| 008 | 210210b2017 xxu||||| |||| 00| 0 eng d | ||
| 020 | _a9789386446183 | ||
| 041 | _aeng | ||
| 082 | _a324.254 CHOL | ||
| 100 | _aCHOWDHURI (Satyabrata Rai) | ||
| 245 | _aLeftism in India 1917-1947 | ||
| 260 |
_aLos Angeles _bSage Publications _c2017 |
||
| 300 | _axviii,190+14 | ||
| 650 | _aLeftism | ||
| 650 | _aIndia | ||
| 650 | _a1917-1947 | ||
| 690 | _aPolitical Process | ||
| 906 | _a072612 | ||
| 999 |
_c122435 _d122435 |
||